Countries that border France - Statistics

General Stats
  • This quiz has been taken 73 times
    69 since last reset
  • The average score is 9 of 10
Answer Stats
Answer % Correct
Andorra
100%
Belgium
100%
Germany
100%
Italy
98%
Spain
98%
Luxembourg
97%
Switzerland
97%
Monaco
94%
Suriname
80%
Brazil
78%
No matching quizzes found
Score Distribution
Percent of People with Each Score
Percentile by Number Answered
Your Score History
You have not taken this quiz since the last reset